00757nam a2200205 i 450000100060000000300090000600500170001500700030003200800410003508000310007610000400010724500910014726000430023830000320028160000470031370000330036085200210039399900170041495201200043174478ES-MaACL20230906172140.0t|040920s1954 sp acf |||| |bspa d a929Millán Astray, José1 aGonzález Iglesias, Manuel.95873111a¡Ha muerto Millán Astray! / cpor Manuel González Iglesias y José Arias Alonso. aMadrid : b[s.n., c1954] (fImp. Aro) a177 p., 4 lám. ; c17 cm.14aMillán-Astray, José,d1879-19549811401 aArias Alonso, José.922760 aES-MaACLjC-7975 c74478d74478 00104070aATENEOMbATENEOMcSPALd2008-01-17eSCl0oC-7975p1077963r2023-02-23 00:00:00w2023-02-23yMONOGRAFIA